The logical framework approach (LFA) (Record no. 8813)

000 -LEADER
fixed length control field 00266nam a22001217a 4500
040 ## - CATALOGING SOURCE
Transcribing agency SK
082 ## - DEWEY DECIMAL CLASSIFICATION NUMBER
Classification number 338
100 ## - MAIN ENTRY--AUTHOR NAME
Personal name សុក គន្ធី
245 ## - TITLE STATEMENT
Title The logical framework approach (LFA)
260 ## - PUBLICATION, DISTRIBUTION, ETC. (IMPRINT)
Place of publication NORAD
Name of publisher សុក
Year of publication NA
300 ## - PHYSICAL DESCRIPTION
Number of Pages 109p.
942 ## - ADDED ENTRY ELEMENTS (KOHA)
Koha item type សៀវភៅភាសាអង់គ្លេស
952 ## - LOCATION AND ITEM INFORMATION (KOHA)
Withdrawn status [LOCAL, KOHA] 0
Holdings
Permanent Location Date acquired Koha item type Lost status Shelving location Barcode Current Location Full call number
Library Block C2016-08-16សៀវភៅភាសាអង់គ្លេស C066RUA045395Library Block C338 សុក NA C066
មជ្ឈមណ្ឌលឯការនៃសាកលវិទ្យាល័យភូមិន្ទកសិកម្មចំការដូង

Powered by Koha